NLSUI OPAC header image

Concept of permanent establishment in the context of e-commerce : analysis (Record no. 217125)

MARC details
000 -LEADER
fixed length control field 01024nam a2200145Ia 4500
005 - DATE AND TIME OF LATEST TRANSACTION
control field 20260209120133.0
008 - FIXED-LENGTH DATA ELEMENTS--GENERAL INFORMATION
fixed length control field 260209s9999||||xx |||||||||||||| ||und||
100 ## - MAIN ENTRY--PERSONAL NAME
Personal name Rekha Patil
245 #0 - TITLE STATEMENT
Title Concept of permanent establishment in the context of e-commerce : analysis
260 ## - PUBLICATION, DISTRIBUTION, ETC.
Place of publication, distribution, etc. BangaloreBangalore
Name of publisher, distributor, etc. NLSIU
Date of publication, distribution, etc. 2014
300 ## - PHYSICAL DESCRIPTION
Extent 118 p. ; 25 cm.
505 ## - FORMATTED CONTENTS NOTE
Formatted contents note TABLE OF CONTENTS CHAPTER 1: INTRODUCTION; CHAPTER 2: CONCEPT OF PERMANENT ESTABLISHMENT; INTRODUCTION TO THE CONCEPT OF PE; CONCEPT OF PE UNDER OECD MODEL; CONCEPT OF PE UNDER VARIOUS DTAAs; CONCEPT OF PE UNDER DIFFERENT COUNTRIES; CHAPTER 3: ELECTRONIC COMMERCE TRANSACTIONS; INTRODUCTION TO E-COMMERCE; SECURITY ISSUES IN E-COMMERCE; INTERMEDIARY LIABILITY; CHAPTER 4: TAXATION ISSUES IN E-COMMERCE ; NEED TO TAX E-COMMERCE; E-COMMERCE AND TAXATION; CONCEPT OF PERMANENT ESTABLISHMENT IN THE-CONTEXT OF E-COMMERCE; CHAPTER 5: CONCLUSION.
700 ## - ADDED ENTRY--PERSONAL NAME
Personal name Dr. S B N Prakash - GuideDr. S B N Prakash - Guide
856 ## - ELECTRONIC LOCATION AND ACCESS
Uniform Resource Identifier <a href="https://dans.nls.ac.in/handle/123456789/1765">https://dans.nls.ac.in/handle/123456789/1765</a>
Holdings
Withdrawn status Lost status Damaged status Not for loan Home library Current library Date acquired Total Checkouts Barcode Date last seen Price effective from Koha item type
        . . 09.02.2026   LLM490 09.02.2026 09.02.2026 Dissertation